| 000 | 00477nam a2200169Ia 4500 | ||
|---|---|---|---|
| 003 | OSt | ||
| 005 | 20200622110838.0 | ||
| 008 | 190216s9999||||xx |||||||||||||| ||und|| | ||
| 020 | _a9788125016106 | ||
| 040 | _coclc | ||
| 082 |
_a954.03 _bCHA/E |
||
| 100 | 1 |
_aChandra, Bipan _9137 |
|
| 245 | 0 |
_aEssays On Colonialism / _cBipan Chandra |
|
| 260 |
_bOrient Longman, _c2000. _aHyderbad: |
||
| 300 | _a365p | ||
| 942 |
_cBK _2ddc _h954.03 _iCHA/E _k954.03 _mCHA/E |
||
| 999 |
_c20753 _d20753 |
||